The case of the million-dollar mystery / (Record no. 1288)

MARC details
000 -LEADER
fixed length control field 01272cam a22003613a 4500
005 - DATE AND TIME OF LATEST TRANSACTION
control field 20260322212054.0
008 - FIXED-LENGTH DATA ELEMENTS--GENERAL INFORMATION
fixed length control field data
010 ## - LIBRARY OF CONGRESS CONTROL NUMBER
LC control number 2003588270
020 ## - INTERNATIONAL STANDARD BOOK NUMBER
International Standard Book Number 0439426294
020 ## - INTERNATIONAL STANDARD BOOK NUMBER
International Standard Book Number 9780439426299
040 ## - CATALOGING SOURCE
Original cataloging agency IMP
Transcribing agency IMP
Modifying agency DLC
-- DLC
042 ## - AUTHENTICATION CODE
Authentication code lccopycat
050 00 - LIBRARY OF CONGRESS CALL NUMBER
Classification number CPB Box no. 2022 vol. 18
099 ## - LOCAL FREE-TEXT CALL NUMBER (OCLC)
Classification number PRELLJ
001 - CONTROL NUMBER
control field data
100 1# - MAIN ENTRY--PERSONAL NAME
Personal name Preller, James.
245 14 - TITLE STATEMENT
Title The case of the million-dollar mystery /
Statement of responsibility, etc. James Preller ... [et al.].
260 ## - PUBLICATION, DISTRIBUTION, ETC.
Place of publication, distribution, etc. New York :
Name of publisher, distributor, etc. Scholastic,
Date of publication, distribution, etc. c2002.
300 ## - PHYSICAL DESCRIPTION
Extent 106 p. :
Other physical details ill. ;
Dimensions 20 cm.
490 0# - SERIES STATEMENT
Series statement A Jigsaw Jones mystery. Super special ;
Volume/sequential designation #2
500 ## - GENERAL NOTE
General note "A Little Apple paperback."
520 ## - SUMMARY, ETC.
Summary, etc. "What's bright and shiny and hard to find? Buried treasure! Jigsaw's class finds a hidden riddle that leads them on a treasure hunt..."
521 0# - TARGET AUDIENCE NOTE
Target audience note RL 2.
521 1# - TARGET AUDIENCE NOTE
Target audience note 006-009.
650 #0 - SUBJECT ADDED ENTRY--TOPICAL TERM
Topical term or geographic name entry element Inventions
Form subdivision Fiction.
650 #0 - SUBJECT ADDED ENTRY--TOPICAL TERM
Topical term or geographic name entry element Detective and mystery stories.
655 #7 - INDEX TERM--GENRE/FORM
Genre/form data or focus term Children's stories.
Source of term lcsh
655 #7 - INDEX TERM--GENRE/FORM
Genre/form data or focus term Mystery fiction.
Source of term gsafd
700 1# - ADDED ENTRY--PERSONAL NAME
Personal name Smith, Jamie,
Dates associated with a name 1971-
Relator term illustrator.
700 1# - ADDED ENTRY--PERSONAL NAME
Personal name Alley, R. W.
Fuller form of name (Robert W.)
710 2# - ADDED ENTRY--CORPORATE NAME
Corporate name or jurisdiction name as entry element Copyright Paperback Collection (Library of Congress)
Institution to which field applies DLC
856 42 - ELECTRONIC LOCATION AND ACCESS
Materials specified Publisher description
Uniform Resource Identifier <a href="http://www.loc.gov/catdir/description/schol051/2003588270.html">http://www.loc.gov/catdir/description/schol051/2003588270.html</a>
Holdings
Withdrawn status Lost status Damaged status Not for loan Home library Current library Shelving location Date acquired Total checkouts Full call number Barcode Date last seen Price effective from Koha item type
        Troy Troy General stacks 22/03/2026   CPB Box no. 2022 vol. 18 BC0011331 22/03/2026 22/03/2026 Books